LEADER 00926nas0 22002893i 450 001 RMS0023746 005 20251003044343.0 011 $a0748-612X 100 $a20130827b19841984||||0itac50 ba 101 | $aeng 102 $aus 110 $aazu|||||||| 181 1$6z01$ai $bxxxe 182 1$6z01$an 183 1$6z01$anc$2RDAcarrier 200 1 $aAT & T Bell laboratories technical journal 207 0$aVol. 63, n. 1 (genn. 1984) - (dic. 1984) 210 $aNew York$cAT & T$d1984 215 $a24 cm 430 0$1001TO00178083$12001 $aˆThe ‰Bell system technical journal$fAmerican telephone and telegraph company 440 1 $1001MIL0219697$12001 $aAT & T technical journal 517 1 $aAt and T Bell laboratories technical journal$9TO00957632 801 3$aIT$bIT-000000$c20130827 912 $aRMS0023746 977 $a 01 996 $aAT & T Bell Laboratories technical journal$9800086 997 $aUNISANNIO